Image processing and data analysis. (Record no. 7320)

MARC details
000 -LEADER
fixed length control field 01272cam a2200313 a 4500
001 - CONTROL NUMBER
control field 4488938
003 - CONTROL NUMBER IDENTIFIER
control field OSt
005 - DATE AND TIME OF LATEST TRANSACTION
control field 20211004112438.0
008 - FIXED-LENGTH DATA ELEMENTS--GENERAL INFORMATION
fixed length control field 970512s1998 enka b 001 0 eng
010 ## - LIBRARY OF CONGRESS CONTROL NUMBER
LC control number 97017393
020 ## - INTERNATIONAL STANDARD BOOK NUMBER
International Standard Book Number 0521590841 (hardback)
020 ## - INTERNATIONAL STANDARD BOOK NUMBER
International Standard Book Number 0521599148 (paperback)
040 ## - CATALOGING SOURCE
Original cataloging agency DLC
Transcribing agency DDC
Modifying agency DLC
050 00 - LIBRARY OF CONGRESS CALL NUMBER
Classification number Q183.9
Item number .S83 1998
082 00 - DEWEY DECIMAL CLASSIFICATION NUMBER
Classification number 621.367STA 1998
100 1# - MAIN ENTRY--PERSONAL NAME
Personal name Starck J.-L, Murtagh F., Bijaoui A.;
Fuller form of name (Jean-Luc),
Dates associated with a name 1965-
9 (RLIN) 15005
245 10 - TITLE STATEMENT
Title Image processing and data analysis.
Remainder of title The Multiscale Approach.
Statement of responsibility, etc. Edited by Starck J.-L, Murtagh F. and Bijaoui A.;
260 ## - PUBLICATION, DISTRIBUTION, ETC. (IMPRINT)
Place of publication, distribution, etc. New York :
Name of publisher, distributor, etc. Cambridge University Press,
Date of publication, distribution, etc. 1998.
300 ## - PHYSICAL DESCRIPTION
Extent x,287p.
Other physical details ill;
Dimensions 26cm.
504 ## - BIBLIOGRAPHY, ETC. NOTE
Bibliography, etc Includes; bibliographical references (p. [271]-285) and index.
650 #0 - SUBJECT ADDED ENTRY--TOPICAL TERM
Topical term or geographic name as entry element Engineering
9 (RLIN) 373
700 1# - ADDED ENTRY--PERSONAL NAME
Personal name Murtagh, Fionn.
9 (RLIN) 15006
700 1# - ADDED ENTRY--PERSONAL NAME
Personal name Bijaoui, A.
9 (RLIN) 15007
856 42 - ELECTRONIC LOCATION AND ACCESS
Materials specified Publisher description
Uniform Resource Identifier <a href="http://www.loc.gov/catdir/description/cam028/97017393.html">http://www.loc.gov/catdir/description/cam028/97017393.html</a>
856 41 - ELECTRONIC LOCATION AND ACCESS
Materials specified Table of contents
Uniform Resource Identifier <a href="http://www.loc.gov/catdir/toc/cam021/97017393.html">http://www.loc.gov/catdir/toc/cam021/97017393.html</a>
906 ## - LOCAL DATA ELEMENT F, LDF (RLIN)
a 7
b cbc
c orignew
d 1
e ocip
f 19
g y-gencatlg
942 ## - ADDED ENTRY ELEMENTS (KOHA)
Source of classification or shelving scheme Dewey Decimal Classification
Koha item type Open Shelf
Holdings
Withdrawn status Lost status Source of classification or shelving scheme Damaged status Not for loan Home library Current library Date acquired Source of acquisition Inventory number Total Checkouts Full call number Barcode Date last seen Price effective from Koha item type
    Dewey Decimal Classification     MUST Main Library MUST Main Library 04/10/2021 Purchase 05/24647   621.367STA 1998 2021-1388 04/10/2021 04/10/2021 Open Shelf
    Dewey Decimal Classification     MUST Main Library MUST Main Library 04/10/2021 Purchase 05/24645   621.367STA 1998 2021-1389 04/10/2021 04/10/2021 Open Shelf
    Dewey Decimal Classification     MUST Main Library MUST Main Library 12/11/2024 purchase 05/24646   621.367STA 1998 2024-22547 12/11/2024 12/11/2024 Book Bank